| 000 | 01286cam a2200217 4500 | ||
|---|---|---|---|
| 001 | WB4004-18 | ||
| 008 | 040129n2004 000 0 eng u | ||
| 035 | _a(Sirsi) u124952 | ||
| 245 | _aAppraisal groups promote universal valuation standards | ||
| 260 | _c2004 | ||
| 490 |
_aRICS News Service _v8 January 2004, (2) |
||
| 520 | _aThe recent crises in the accounting world and the business world have prompted a coalition of North American valuation organizations, including RICS Americas and RICS Canada) to develop specific strategies and objectives in order to protect the public and promote the convergence of worldwide valuation, accounting and financial reporting standards. The coalition has issued a "Memorandum of understanding regarding valuation for financial reporting purposes" to this effect. Further details of the memorandum can be obtained from Alison Gerlach, manager of special projects, Appraisal Institute [email protected] http://www.rics.org/ricscms/bin/show?class=News&te mplate=/includes/shownews.html&id=8057&faculty=RIC S | ||
| 590 | _aWB | ||
| 590 | _aWB | ||
| 650 |
_aValuation _96273 |
||
| 650 | _aACCOUNTING | ||
| 650 | _aRICS AMERICAS | ||
| 650 | _aRICS CANADA | ||
| 690 | _aVALUATION AND INVESTMENT APPRAISAL | ||
| 942 | _n0 | ||
| 999 |
_c116972 _d116972 |
||